|
|
|
|
| LEADER |
01410nam a2200445 4500 |
| 001 |
DLU090097476 |
| 005 |
##20091201 |
| 040 |
# |
# |
|a DLU
|b eng
|
| 041 |
# |
# |
|a eng
|
| 044 |
# |
# |
|a us
|
| 245 |
# |
# |
|a Critical flocculation concentrations, binding isotherms, ligand exchange properties of peptide-modified gold nanoparticles studied by UV-visible, fluorescence, time-correlated single photon counting spectroscopies /
|c Huan Xie ... [et al.].
|
| 653 |
# |
# |
|a Flocculation
|
| 653 |
# |
# |
|a Fluorescence spectrometry
|
| 653 |
# |
# |
|a Gold
|
| 653 |
# |
# |
|a Ligands
|
| 653 |
# |
# |
|a Monolayer
|
| 653 |
# |
# |
|a Nanoparticles
|
| 653 |
# |
# |
|a Peptides
|
| 653 |
# |
# |
|a Photon counting
|
| 653 |
# |
# |
|a Protein
|
| 653 |
# |
# |
|a Serum albumin
|
| 653 |
# |
# |
|a Ultraviolet visible spectrometry
|
| 700 |
# |
# |
|a Brennaman, Matthew K.
|
| 700 |
# |
# |
|a Feldheim, Daniel L.
|
| 700 |
# |
# |
|a Franzen, Stefan.
|
| 700 |
# |
# |
|a Glomm, Wilhelm R.
|
| 700 |
# |
# |
|a Papanikolas, John M.
|
| 700 |
# |
# |
|a Ryan, Joseph A.
|
| 700 |
# |
# |
|a Tkachenko, Alexander G.
|
| 700 |
# |
# |
|a Xie, Huan.
|
| 773 |
# |
# |
|t Analytical Chemistry
|g Vol. 75, no. 21 (November 2003), p. 5797-5805
|
| 920 |
# |
# |
|a Phòng Tạp chí -- Trung tâm Thông tin - Thư viện Trường Đại học Đà Lạt
|
| 994 |
# |
# |
|a DLU
|
| 900 |
# |
# |
|a True
|
| 911 |
# |
# |
|a Trương Bảo Trâm Anh
|
| 925 |
# |
# |
|a G
|
| 926 |
# |
# |
|a A
|
| 927 |
# |
# |
|a BB
|
| 980 |
# |
# |
|a Thư viện Trường Đại học Đà Lạt
|